| 000 | 00407nam a2200169Ia 4500 | ||
|---|---|---|---|
| 008 | 230711s9999||||xx |||||||||||||| ||und|| | ||
| 020 | _a978-81-8128-370-2 | ||
| 041 | _aENG | ||
| 082 |
_a641.3 _bBU-P |
||
| 100 | _aButler, Hilda | ||
| 245 | 0 | _aPoucher's perfumes, cosmetics, and soaps | |
| 250 | _a1st Ed. | ||
| 260 |
_c1923 _aNew Delhi _bSpringer |
||
| 300 | _a782p. | ||
| 650 | _aPharmacy | ||
| 942 | _cBK | ||
| 999 |
_c7062 _d7062 |
||